| 000 | 00360nam a2200145Ia 4500 | ||
|---|---|---|---|
| 008 | 150201s2010 xx 000 0 und d | ||
| 082 |
_a616.1 _bM10G |
||
| 100 | _aGUPTE, SATISH | ||
| 245 | _aTHE SHORT TB. OF MEDICAL MICROBIOLOGY | ||
| 250 | _a10TH | ||
| 260 |
_bJAYPEE BROTHERS _aDELHI _c2010 |
||
| 300 | _a1-476 | ||
| 650 | _aMICROBIOLOGY | ||
| 942 |
_2ddc _cBK _02 |
||
| 999 |
_c168 _d168 |
||